000 00970nam a2200241 a 4500
001 74245
003 BD-RjUL
005 20211209082524.0
008 180412s2016 bg af||| ||b| 00| 0 ben d
020 _a9789843411310
_c: Tk. 350.00
035 _a(BD-RjUL)74463
040 _aBD-RjUL
_bben
_cBD-RjUL
_dBD-RjUL
041 _aben
082 _223
_a590.752
_bHOT 2016
100 1 _aহোসেন, মো: দেলোয়ার
_9221139
245 1 _aট্যাক্সিডার্মির আধুনিক কলাকৌশল /
_cমো: দেলোয়ার হোসেন
260 _aঢাকা :
_bমো: দেলোয়ার হোসেন,
_c২০১৬
300 _a১৩৩ পৃ. :
_bচিত্র ;
_c২০ সেমি.
504 _aগ্রন্থপঞ্জী সংযুক্ত ।
650 _aচর্ম সংরক্ষণবিদ্যা
_9221140
650 _aTaxidermy.
_9221141
942 _2ddc
_cBK
999 _c74245
_d74245